| 000 | 00610nam a2200145Ia 4500 | ||
|---|---|---|---|
| 008 | 171212s9999 xx 000 0 und d | ||
| 020 | _a9781760460884 | ||
| 100 | _aSpark, Ceridwen | ||
| 245 |
_cSpark, Ceridweneditor Macintyre, Martha _aTransformations of Gender in Melanesia |
||
| 260 |
_bANU E Press _c2017 |
||
| 440 | _aPacific Series | ||
| 650 | _aSociology | ||
| 650 | _aWomen -- Melanesia -- Social conditions; Women -- Melanesia -- Economic conditions; Women’s rights -- Melanesia; Social change -- Melanesia; Culture and globalization -- Melanesia | ||
| 856 | _uhttp://jstor.org/stable/j.ctt1q1crwn | ||
| 999 |
_c351404 _d351404 |
||